Postacie z RDR2 - Statystyki

Ogólne statystyki
  • Ten quiz został rozwiązany 96 razy
  • Średni wynik to 14 z 25
Statystyki odpowiedzi
Podpowiedź Odpowiedź % Poprawnych
Główny protagonista gry Arthur Morgan
100%
Główny bohater pierwszej i drugiej części John Marston
97%
Lider gangu, zawsze ma plan Dutch Van der Linde
91%
Zdradził gang jako pierwszy Micah Bell
79%
Syn drugiego głównego protagonisty Jack Marston
75%
Głos rozsądku w gangu Hosea Matthews
70%
Ma lumbago, później mieszka z głównym bohaterem Wujek
70%
Żona drugiego głównego bohatera Abigail Roberts
64%
Meksykański członek gangu Javier Escuella
63%
Wdowa, łowczyni nagród Sadie Adler
61%
Wróg lidera gangu Colm O'driscoll
58%
Drugi agent pinkertonów Edgar Ross
54%
Wódz indian, miał syna Padający Deszcz
51%
Agent pinkertonów, umarł w 6 rozdziale Andrew Milton
47%
Czarny dzieciak, umarł w napadzie na bank Lenny Summers
47%
Dbała o porządek w gangu Susan Grimshaw
47%
Porwał syna jednego z głównych bohaterów Angelo Bronte
45%
Były członek gangu O'Driscolli Kieran Duffy
45%
Syn wodza indian Szybujący Orzeł
45%
Bankier w gangu, można było wykonywać od niego misje poboczne Leopold Strauss
43%
Rudy, pochodzi z Irlandii Sean Macguire
42%
Miał gruźlicę, zaraził nią głównego protagonistę Thomas Downes
42%
Kucharz gangu, później sprzedawca w sklepie Simon Pearson
41%
Umarł na samym początku gry Davey Callander
21%
Właściciel Rancza Pronghorn David Geddes
7%
Nie znaleziono quizów pasujących do podanych kryteriów
Rozkład punktacji
Procent ludzi z każdym wynikiem
Percentyl według liczby udzielonych odpowiedzi
Twoja historia wyników
Nie rozwiązałeś tego quizu